Представление документа в формате RUSMARC

Поле Инд. ПП Название Значение
Тип записи a
Библиографический уровень a
001 Контрольный номер b3ea2bc8ac7a4472992bc0a3856f9054
005 Дата корректировки 20181120134521.1
100 a Данные общей обработки 20180814 ||| 0rusy0189 ca
101 0_ a Язык текста rus
102 a Страна публикации RU
200 1_ f Первые сведения об ответственности Н.С. Бондарь
a Заглавие Экономическая конституция, конституционная экономика или экономический конституционализм? (Часть 1/1)
210 d Дата издания 2018
461 _0 1 2000
a Право и экономика
463 _0 1 2000
a №1
v С. 5-14
1 2101
d 2018
1 001e990d71f6882455788ab4364047ffabd
606 a Основная рубрика Конституционный Суд
610 0_ a Ключевые слова КОНСТИТУЦИОННАЯ ЭКОНОМИКА
a Ключевые слова КОНСТИТУЦИОННОЕ ПРАВОСУДИЕ
a Ключевые слова СУДЕБНАЯ ПРАКТИКА
700 _1 a Фамилия Бондарь
b Имя Н.С.
801 _0 a Страна RU
b Организация РГУП
c Дата составления 20180814
g Правила каталогизации PSBO
801 _1 a Страна RU
b Организация РГУП
c Дата составления 20180814
g Правила каталогизации PSBO
901 t Тип документа b
w Контрольный № источника e990d71f6882455788ab4364047ffabd
905 a Дата ввода 20180814